000 00773nam a2200217 u 4500
005 20220901130433.0
008 170825s2007 mx r 000 0 spa d
020 _a9789707019874
035 _aUPN01000219947
049 _aCG
050 4 _aF1435.1 Y8.9
_bB7.2
100 1 _aBracamonte y Sosa, Pedro José,
_d1945-
_935895
245 1 4 _aUna deuda histórica :
_bensayo sobre las condiciones de pobreza secular entre los mayas de Yucatán /
_cPedro Bracamonte y Sosa.
260 _aMéxico :
_bCIESAS :
_bPorrúa,
_c2007.
300 _a346 p. :
_bil., gráfs., tablas
440 0 _aPeninsular.
_pEstudios
650 4 _aMAYAS -
_zYUCATAN -
_xCONDICIONES ECONOMICAS
_926611
650 2 _aMayas
_zYucatán
_xCondiciones sociales
_926616
905 _aLibro
999 _c192046
_d192046